000 00288nam a22001217a 4500
008 240118b |||||||| |||| 00| 0 eng d
100 _aBare Act EBC
245 _aEmployees State Insurance Act 1948
250 _a43rd
260 _aLucknow
_bEBC
_c2023
300 _a124
942 _2ddc
_cBK
999 _c20407
_d20407